[Event "Budapest FS11 FM-B"]
[Site "Budapest"]
[Date "2007.11.11"]
[Round "9"]
[White "Feher, Laszlo1111"]
[Black "Sebestyen, Jozsef"]
[Result "0-1"]
[WhiteElo "1837"]
[BlackElo "1803"]
[PlyCount "96"]
[EventDate "2007.11.03"]
[EventType "tourn"]
[EventRounds "10"]
[EventCountry "HUN"]
[SourceTitle "CBM 121 Extra"]
[Source "ChessBase"]
[SourceDate "2008.01.10"]
[SourceVersion "1"]
[SourceVersionDate "2008.01.10"]
[SourceQuality "1"]

1. e4 g6 2. d4 Bg7 3. f4 d6 4. Nc3 c6 5. Nf3 Qb6 6. Be3 Qxb2 7. Na4 Qb4+ 8. c3 Qa5 9. Bd2 b5 10. Nb2 Qc7 11. Be2 Nf6 12. e5 Ne4 13. 0-0 Nxd2 14. Nxd2 0-0 15. Ne4 d5 16. Nf2 Nd7 17. Bd3 e6 18. g4 Nb6 19. Qe2 Nc4 20. Nbd1 c5 21. Ne3 Nxe3 22. Qxe3 c4 23. Bc2 a5 24. f5 exf5 25. gxf5 gxf5 26. Kh1 Ra6 27. Nh3 Qe7 28. Bxf5 Bxf5 29. Rxf5 Rh6 30. Nf4 Qh4 31. Qe2 Qe7 32. Rg1 Kh8 33. Rfg5 Rg8 34. Qg2 f6 35. exf6 Rxf6 36. Nxd5 Qf7 37. Rxg7 Rg6 38. Rxg8+ Qxg8 39. Ne7 Rxg2 40. Nxg8 Rxg1+ 41. Kxg1 Kxg8 42. a3 Kf7 43. Kf2 Ke6 44. Ke3 Kd5 45. h4 h5 46. Kf4 b4 47. axb4 axb4 48. cxb4 Kxd4 0-1

[Event "Budapest FS10 FM-B"]
[Site "Budapest"]
[Date "2007.10.15"]
[Round "10"]
[White "Sebestyen, Jozsef"]
[Black "Mayer, Istvan"]
[Result "0-1"]
[WhiteElo "1803"]
[BlackElo "2093"]
[PlyCount "40"]
[EventDate "2007.10.06"]
[EventType "tourn"]
[EventRounds "10"]
[EventCountry "HUN"]
[SourceTitle "CBM 120 Extra"]
[Source "ChessBase"]
[SourceDate "2007.11.01"]
[SourceVersion "1"]
[SourceVersionDate "2007.11.01"]
[SourceQuality "1"]

1. d4 e5 2. dxe5 Nc6 3. Nf3 Qe7 4. Qd5 f6 5. exf6 Nxf6 6. Qd1 Qc5 7. Nc3 d5 8. e3 Bg4 9. Be2 0-0-0 10. 0-0 h5 11. Na4 Qd6 12. c3 Bxf3 13. Bxf3 b5 14. Be2 bxa4 15. Ba6+ Kd7 16. Qxa4 Ke7 17. b4 Kf7 18. c4 Nxb4 19. Ba3 Qxa6 20. Qb3 dxc4 0-1

[Event "Budapest FS10 FM-B"]
[Site "Budapest"]
[Date "2007.10.14"]
[Round "9"]
[White "Mihajlova, Diana"]
[Black "Sebestyen, Jozsef"]
[Result "0-1"]
[WhiteElo "1426"]
[BlackElo "1803"]
[PlyCount "40"]
[EventDate "2007.10.06"]
[EventType "tourn"]
[EventRounds "10"]
[EventCountry "HUN"]
[SourceTitle "CBM 120 Extra"]
[Source "ChessBase"]
[SourceDate "2007.11.01"]
[SourceVersion "1"]
[SourceVersionDate "2007.11.01"]
[SourceQuality "1"]

1. e4 g6 2. Nf3 Bg7 3. Bc4 Nf6 4. e5 Ng4 5. Ng5 Nxe5 6. Bb3 d5 7. f4 Bg4 8. Nf3 Nxf3+ 9. gxf3 Bf5 10. Qe2 e6 11. Qb5+ Nd7 12. Qxb7 0-0 13. Qb5 Qh4+ 14. Kd1 c6 15. Qe2 Nc5 16. d3 Rad8 17. Nc3 Ne4 18. Rf1 Bxc3 19. Be3 Bxb2 20. Rb1 Nc3+ 0-1

[Event "Budapest FS10 FM-B"]
[Site "Budapest"]
[Date "2007.10.13"]
[Round "8"]
[White "Sebestyen, Jozsef"]
[Black "Mendege, Andras"]
[Result "1-0"]
[WhiteElo "1803"]
[BlackElo "1877"]
[PlyCount "70"]
[EventDate "2007.10.06"]
[EventType "tourn"]
[EventRounds "10"]
[EventCountry "HUN"]
[SourceTitle "CBM 120 Extra"]
[Source "ChessBase"]
[SourceDate "2007.11.01"]
[SourceVersion "1"]
[SourceVersionDate "2007.11.01"]
[SourceQuality "1"]

1. d4 c5 2. d5 d6 3. c4 g6 4. Nc3 Bg7 5. e4 Nf6 6. Be2 0-0 7. Nf3 Bg4 8. Be3 Na6 9. Qd2 Nc7 10. Bh6 a6 11. Bxg7 Kxg7 12. h3 Bd7 13. e5 dxe5 14. Nxe5 b5 15. Ng4 bxc4 16. Qh6+ Kg8 17. Bxc4 Bb5 18. b3 Nfxd5 19. Rd1 e6 20. 0-0 Qe7 21. Nxd5 Nxd5 22. Bxd5 exd5 23. Rfe1 Qd6 24. Rxd5 Qc6 25. Rxc5 Qb6 26. Rec1 Bd7 27. Rc6 Qxc6 28. Rxc6 Bxg4 29. hxg4 a5 30. Rc3 Ra7 31. Rh3 f5 32. gxf5 Rxf5 33. Qe3 Raf7 34. f3 Kg7 35. Rh4 Rd5 1-0

[Event "Budapest FS10 FM-B"]
[Site "Budapest"]
[Date "2007.10.12"]
[Round "7"]
[White "Dobos, Otto"]
[Black "Sebestyen, Jozsef"]
[Result "1-0"]
[WhiteElo "1842"]
[BlackElo "1803"]
[PlyCount "95"]
[EventDate "2007.10.06"]
[EventType "tourn"]
[EventRounds "10"]
[EventCountry "HUN"]
[SourceTitle "CBM 120 Extra"]
[Source "ChessBase"]
[SourceDate "2007.11.01"]
[SourceVersion "1"]
[SourceVersionDate "2007.11.01"]
[SourceQuality "1"]

1. d4 g6 2. Nf3 Bg7 3. Bf4 d6 4. c3 Nf6 5. h3 Nbd7 6. e3 a6 7. Bc4 c5 8. a4 Nb6 9. Be2 Nbd5 10. Bh2 Qb6 11. Qc1 cxd4 12. exd4 0-0 13. a5 Qc7 14. 0-0 b5 15. Nbd2 Bh6 16. Qd1 Nf4 17. Re1 Nxe2+ 18. Qxe2 Be6 19. g4 Bg7 20. Ng5 Qd7 21. Nxe6 fxe6 22. Qxe6+ Qxe6 23. Rxe6 Kf7 24. Rae1 Rfe8 25. Nf3 Rac8 26. Bf4 h6 27. Bc1 Nd5 28. R6e2 b4 29. cxb4 Nxb4 30. Bd2 Nd3 31. Rb1 Rc2 32. Kf1 Rb8 33. b3 Rbc8 34. b4 Nb2 35. Ne1 Bxd4 36. Nxc2 Rxc2 37. Bxh6 Rc4 38. Rbxb2 Bxb2 39. Rxb2 e5 40. b5 axb5 41. Rxb5 Ke6 42. Bd2 Ra4 43. Ke2 Re4+ 44. Kd1 Ra4 45. Rb6 Ra3 46. a6 Rxh3 47. Bb4 Kd5 48. a7 1-0

[Event "Budapest FS10 FM-B"]
[Site "Budapest"]
[Date "2007.10.11"]
[Round "6"]
[White "Papp, Jozsef1111"]
[Black "Sebestyen, Jozsef"]
[Result "1-0"]
[WhiteElo "1878"]
[BlackElo "1803"]
[PlyCount "79"]
[EventDate "2007.10.06"]
[EventType "tourn"]
[EventRounds "10"]
[EventCountry "HUN"]
[SourceTitle "CBM 120 Extra"]
[Source "ChessBase"]
[SourceDate "2007.11.01"]
[SourceVersion "1"]
[SourceVersionDate "2007.11.01"]
[SourceQuality "1"]

1. e4 g6 2. d4 Bg7 3. Nf3 d6 4. c4 c6 5. Nc3 Qa5 6. Bd2 Qb6 7. Na4 Qc7 8. Qc2 Bg4 9. Be2 Nf6 10. h3 Be6 11. 0-0 Qc8 12. Rac1 0-0 13. Ng5 Bd7 14. f4 h6 15. Nf3 Nh5 16. Kh2 f5 17. e5 Be6 18. Nh4 Kh7 19. d5 cxd5 20. cxd5 Qxc2 21. Rxc2 Bxd5 22. g4 fxg4 23. hxg4 Nxf4 24. Bxf4 g5 25. exd6 exd6 26. Bd3+ Kg8 27. Bxd6 Rxf1 28. Bxf1 gxh4 29. Rc8+ Kf7 30. Rxb8 Rxb8 31. Bxb8 Bxa2 32. Bxa7 Kg6 33. Kh3 Bf6 34. Bd3+ Kf7 35. Bf5 Bg5 36. Nc3 Be6 37. Bf2 Bc1 38. Bxe6+ Kxe6 39. b3 Ke5 40. Kxh4 1-0

[Event "Budapest FS10 FM-B"]
[Site "Budapest"]
[Date "2007.10.10"]
[Round "5"]
[White "Mayer, Istvan"]
[Black "Sebestyen, Jozsef"]
[Result "1-0"]
[WhiteElo "2093"]
[BlackElo "1803"]
[PlyCount "76"]
[EventDate "2007.10.06"]
[EventType "tourn"]
[EventRounds "10"]
[EventCountry "HUN"]
[SourceTitle "CBM 120 Extra"]
[Source "ChessBase"]
[SourceDate "2007.11.01"]
[SourceVersion "1"]
[SourceVersionDate "2007.11.01"]
[SourceQuality "1"]

1. e4 g6 2. d4 Bg7 3. Nf3 d6 4. Nc3 c6 5. Bc4 e6 6. Bb3 Ne7 7. Be3 Qc7 8. Qd2 h6 9. Bf4 Na6 10. 0-0-0 Bd7 11. Rhe1 g5 12. Bg3 Ng6 13. h4 g4 14. h5 gxf3 15. hxg6 fxg6 16. Qf4 0-0-0 17. Qxf3 e5 18. Qf7 Bg4 19. f3 Qxf7 20. Bxf7 Rhf8 21. Bxg6 Rf6 22. Bh7 exd4 23. e5 dxe5 24. Ne4 Bf5 25. Nxf6 Bxh7 26. Nxh7 Rh8 27. Bxe5 Rxh7 28. Bxd4 Bxd4 29. Rxd4 Nc7 30. g4 Rf7 31. f4 Nd5 32. f5 Nf6 33. Re6 c5 34. Rc4 b6 35. b4 Kd7 36. bxc5 bxc5 37. Ra4 Kd8 38. Kd2 Nxg4 1-0

[Event "Budapest FS10 FM-B"]
[Site "Budapest"]
[Date "2007.10.07"]
[Round "2"]
[White "Sebestyen, Jozsef"]
[Black "Dobos, Otto"]
[Result "1-0"]
[WhiteElo "1803"]
[BlackElo "1842"]
[PlyCount "65"]
[EventDate "2007.10.06"]
[EventType "tourn"]
[EventRounds "10"]
[EventCountry "HUN"]
[SourceTitle "CBM 120 Extra"]
[Source "ChessBase"]
[SourceDate "2007.11.01"]
[SourceVersion "1"]
[SourceVersionDate "2007.11.01"]
[SourceQuality "1"]

1. d4 d5 2. c4 e6 3. Nf3 c6 4. Nc3 Be7 5. e3 Nf6 6. Bd3 0-0 7. Qc2 Nbd7 8. b3 h6 9. h4 dxc4 10. bxc4 Ng4 11. a4 Re8 12. Bb2 a5 13. Rd1 Qc7 14. c5 e5 15. Bh7+ Kf8 16. Bf5 exd4 17. Bxg4 dxc3 18. Bxc3 Nxc5 19. Qh7 Bf6 20. Bxf6 gxf6 21. Qxh6+ Ke7 22. Qh5 Bxg4 23. Qxc5+ Ke6 24. Qc4+ Kf5 25. Rd5+ Re5 26. Nxe5 fxe5 27. Qd3+ Ke6 28. Rc5 Rd8 29. Qc4+ Ke7 30. Qxg4 Qd6 31. Rc2 f5 32. Qg7+ Ke8 33. 0-0 1-0

[Event "Budapest FS03 FM-B"]
[Site "Budapest"]
[Date "2007.03.09"]
[Round "7"]
[White "Papp, Petra"]
[Black "Sebestyen, Jozsef"]
[Result "0-1"]
[WhiteElo "1945"]
[BlackElo "1807"]
[PlyCount "118"]
[EventDate "2007.03.03"]
[EventType "tourn"]
[EventRounds "10"]
[EventCountry "HUN"]
[SourceTitle "CBM 117 Extra"]
[Source "ChessBase"]
[SourceDate "2007.05.09"]
[SourceVersion "1"]
[SourceVersionDate "2007.05.09"]
[SourceQuality "1"]

1. e4 d6 2. c4 Nf6 3. Nc3 Nc6 4. g3 e5 5. Bg2 Bg4 6. f3 Be6 7. d3 g6 8. Nge2 h5 9. h3 Bg7 10. Bg5 Bh6 11. Bxh6 Rxh6 12. Qd2 Rh7 13. Nd5 Nd4 14. Nxf6+ Qxf6 15. Nxd4 exd4 16. f4 0-0-0 17. Qb4 Qe7 18. 0-0-0 c5 19. Qd2 f6 20. Rde1 Qc7 21. Bf3 Kb8 22. g4 b5 23. f5 gxf5 24. exf5 Bd7 25. Qe2 bxc4 26. Qe4 Kc8 27. dxc4 Re8 28. Qd5 Rhe7 29. Rxe7 Rxe7 30. gxh5 Re5 31. Qf7 Qa5 32. h6 Re1+ 33. Bd1 Rxh1 34. Qg8+ Qd8 35. Qd5 Rxd1+ 36. Kxd1 Qe7 37. Qa8+ Kc7 38. Qxa7+ Kd8 39. Qb6+ Ke8 40. Qb8+ Kf7 41. h7 Qe3 42. Qg8+ Ke7 43. Qg7+ Kd8 44. h8Q+ Kc7 45. Qhh7 Qd3+ 46. Ke1 Qe3+ 47. Kf1 Qc1+ 48. Kg2 Qxb2+ 49. Kg3 Qa3+ 50. Kg4 Qa4 51. Qf7 d3 52. Qd5 Qd1+ 53. Qf3 Qa1 54. Kf4 Qd4+ 55. Kg3 d2 56. Qd1 Qe3+ 57. Kg2 Qe1 58. Qhh5 Bc6+ 59. Kh2 Qf2# 0-1

[Event "Budapest FS03 FM-B"]
[Site "Budapest"]
[Date "2007.03.04"]
[Round "2"]
[White "Sebestyen, Jozsef"]
[Black "Papp, Petra"]
[Result "0-1"]
[WhiteElo "1807"]
[BlackElo "1945"]
[PlyCount "134"]
[EventDate "2007.03.03"]
[EventType "tourn"]
[EventRounds "10"]
[EventCountry "HUN"]
[SourceTitle "CBM 117 Extra"]
[Source "ChessBase"]
[SourceDate "2007.05.09"]
[SourceVersion "1"]
[SourceVersionDate "2007.05.09"]
[SourceQuality "1"]

1. d4 f5 2. c4 Nf6 3. Nc3 g6 4. g3 Bg7 5. Bg2 d6 6. Nf3 0-0 7. 0-0 c6 8. Qc2 Na6 9. a3 Nc7 10. Qb3 Rb8 11. Be3 Bd7 12. Rad1 Nh5 13. c5+ d5 14. Ne5 Bxe5 15. dxe5 f4 16. Bd4 Qc8 17. e4 Bh3 18. exd5 f3 19. Bh1 Bxf1 20. d6+ Qe6 21. Qxe6+ Nxe6 22. Kxf1 Nhg7 23. Ne4 exd6 24. Nf6+ Kf7 25. cxd6 Nxd4 26. Nd7 Rfd8 27. Nxb8 Nde6 28. Nxc6 bxc6 29. Bxf3 c5 30. Bd5 Nf5 31. Ke2 Nfd4+ 32. Kd3 Ke8 33. Kc4 Kd7 34. f4 a5 35. b4 Nc2 36. Rd3 cxb4 37. Bxe6+ Kxe6 38. axb4 Nxb4 39. Ra3 Nc6 40. Kc5 Rc8 41. Kb6 Kd7 42. Rc3 Rb8+ 43. Kc5 Nb4 44. e6+ Kxe6 45. Re3+ Kf6 46. Re7 Rc8+ 47. Kb5 h5 48. Rc7 Rd8 49. Kxa5 Rxd6 50. Kxb4 Rd2 51. Rc6+ Kf5 52. Rc5+ Kf6 53. h4 Rd3 54. Rg5 Rd8 55. Kc5 Rc8+ 56. Kd6 Rd8+ 57. Kc7 Rd3 58. Kc6 Rd1 59. Rd5 Rxd5 60. Kxd5 Kf5 61. Kd6 Kg4 62. Ke6 Kxg3 63. Kf6 Kxf4 64. Kxg6 Kg4 65. Kf6 Kxh4 66. Kf5 Kg3 67. Ke4 h4 0-1

[Event "Budapest Spring op 22nd"]
[Site "Budapest"]
[Date "2006.03.26"]
[Round "4"]
[White "Kradolfer, David"]
[Black "Sebestyen, Jozsef"]
[Result "1-0"]
[WhiteElo "1991"]
[BlackElo "1827"]
[PlyCount "87"]
[EventDate "2006.03.23"]
[EventType "swiss"]
[EventRounds "9"]
[EventCountry "HUN"]
[SourceTitle "CBM 111 Extra"]
[Source "ChessBase"]
[SourceDate "2006.05.09"]
[SourceVersion "1"]
[SourceVersionDate "2006.05.09"]
[SourceQuality "1"]

1. c4 g6 2. g3 Bg7 3. Bg2 Nf6 4. Nf3 d6 5. 0-0 e5 6. d3 Nc6 7. Nc3 0-0 8. Rb1 Bd7 9. Bg5 h6 10. Bxf6 Bxf6 11. b4 a5 12. b5 Ne7 13. Nd5 Nxd5 14. cxd5 a4 15. Qd2 h5 16. Qb4 Kg7 17. Rfc1 b6 18. Rc2 Ra5 19. Qc4 Ra7 20. Rb4 Qa8 21. a3 Ra5 22. Nd2 Rb8 23. Ne4 Bd8 24. Rcb2 f5 25. Nd2 Rb7 26. h4 Bf6 27. Rb1 Rba7 28. Qc1 Qd8 29. Qc4 Qe7 30. Qc2 f4 31. Nc4 fxg3 32. fxg3 e4 33. Nxa5 exd3 34. Qxd3 Bf5 35. e4 bxa5 36. b6 cxb6 37. Rxb6 Bc8 38. Qe3 Qe5 39. Rxd6 Qd4 40. Qxd4 Bxd4+ 41. Kh2 Bc5 42. Rc6 Bxa3 43. Rxc8 Bb4 44. Ra1 1-0

[Event "Budapest FS06 FM-B"]
[Site "Budapest"]
[Date "2004.06.12"]
[Round "2"]
[White "Sebestyen, Jozsef"]
[Black "Wiid, Daleen"]
[Result "0-1"]
[WhiteElo "1841"]
[BlackElo "2050"]
[PlyCount "114"]
[EventDate "2004.06.05"]
[EventType "tourn"]
[EventRounds "10"]
[EventCountry "HUN"]
[SourceTitle "CBM 100 Extra"]
[Source "ChessBase"]
[SourceDate "2004.07.06"]
[SourceVersion "2"]
[SourceVersionDate "2004.07.06"]
[SourceQuality "1"]

1. d4 Nf6 2. c4 e6 3. Nc3 d5 4. Bg5 Be7 5. e3 h6 6. Bh4 0-0 7. Nf3 b6 8. Bd3 dxc4 9. Bxc4 Bb7 10. 0-0 c5 11. dxc5 Qc7 12. Qe2 Qxc5 13. Rac1 Bxf3 14. Qxf3 Nbd7 15. Bb5 Ne5 16. Qe2 Rac8 17. h3 Ng6 18. Bg3 Rfd8 19. Ba6 Rc6 20. Bb7 Rc7 21. Bxc7 Qxc7 22. Qa6 Rd7 23. Bf3 Bc5 24. b4 Bxb4 25. Nd5 Qd6 26. Nxf6+ gxf6 27. Rfd1 Qe7 28. Qc8+ Nf8 29. Rxd7 Qxd7 30. Qa8 Bc5 31. Rd1 Qa4 32. Qd8 Kg7 33. Qc7 Qxa2 34. Qg3+ Kh7 35. Bh5 e5 36. Bg4 Qc2 37. Qf3 Qa4 38. Qxf6 Qe8 39. Bf5+ Kg8 40. Qxh6 a5 41. Qg5+ Kh8 42. Rd8 Qc6 43. e4 a4 44. Rd3 a3 45. Qh4+ Kg7 46. Rg3+ Ng6 47. Qg5 Qd6 48. Qc1 a2 49. Qa1 Qd2 50. Qxe5+ Kf8 51. Qb8+ Kg7 52. Qe5+ Kf8 53. Qb8+ Kg7 54. Qe5+ Kh7 55. Bxg6+ fxg6 56. Rf3 Qd1+ 57. Kh2 Bd6 0-1

[Event "Budapest FS06 FM-B"]
[Site "Budapest"]
[Date "2004.06.06"]
[Round "1"]
[White "Sebestyen, Jozsef"]
[Black "Dobos, Otto"]
[Result "0-1"]
[WhiteElo "1841"]
[BlackElo "2035"]
[PlyCount "98"]
[EventDate "2004.06.05"]
[EventType "tourn"]
[EventRounds "10"]
[EventCountry "HUN"]
[SourceTitle "CBM 100 Extra"]
[Source "ChessBase"]
[SourceDate "2004.07.06"]
[SourceVersion "2"]
[SourceVersionDate "2004.07.06"]
[SourceQuality "1"]

1. d4 d5 2. Nf3 Nf6 3. c4 dxc4 4. Nc3 c6 5. a4 Nd5 6. e4 Nxc3 7. bxc3 Qa5 8. Bd2 g6 9. Bxc4 Bg7 10. 0-0 0-0 11. Qb3 e6 12. Rad1 a6 13. Bd3 Nd7 14. c4 Qc7 15. Bb1 Rb8 16. e5 c5 17. Bf4 cxd4 18. Rxd4 Nxe5 19. Re4 Nxf3+ 20. Qxf3 e5 21. Be3 f5 22. Rh4 e4 23. Qe2 Qe7 24. Bf4 Ra8 25. Rh3 Be6 26. Rd1 Rfd8 27. Bd2 Rac8 28. Rc1 Rd4 29. c5 Rxa4 30. Qd1 Rd4 31. Qc2 f4 32. Ba2 f3 33. Be3 Rd7 34. gxf3 Qf7 35. Bxe6 Qxe6 36. Qc4 Qxc4 37. Rxc4 exf3 38. Rxf3 Rdc7 39. Rb4 Bf8 40. Rb6 Rd7 41. Rf4 Bxc5 42. Rc4 Bxb6 43. Rxc8+ Rd8 44. Rc4 Bxe3 45. fxe3 Rf8 46. Kg2 Rf7 47. e4 Kg7 48. e5 g5 49. Rd4 Kg6 0-1

[Event "Budapest FS12 FM-B"]
[Site "Budapest"]
[Date "2003.12.17"]
[Round "11"]
[White "Bednay, Bence"]
[Black "Sebestyen, Jozsef"]
[Result "1-0"]
[WhiteElo "2008"]
[BlackElo "1873"]
[PlyCount "77"]
[EventDate "2003.12.06"]
[EventType "tourn"]
[EventRounds "13"]
[EventCountry "HUN"]
[SourceTitle "CBM 097 Extra"]
[Source "ChessBase"]
[SourceDate "2004.01.13"]
[SourceVersion "1"]
[SourceVersionDate "2004.01.13"]
[SourceQuality "1"]

1. e4 d6 2. d4 g6 3. c4 Bg7 4. Nc3 Nf6 5. f3 Nc6 6. Be3 e5 7. d5 Ne7 8. Qd2 Nd7 9. 0-0-0 a6 10. Kb1 b6 11. b4 h6 12. Na4 f5 13. c5 f4 14. Bf2 bxc5 15. bxc5 Nf6 16. Bc4 a5 17. Ne2 Ba6 18. Bxa6 Rxa6 19. Qd3 Ra8 20. Ka1 0-0 21. Rb1 Nfxd5 22. Qc4 c6 23. cxd6 Qxd6 24. Bc5 Qe6 25. Bxe7 Qxe7 26. exd5 cxd5 27. Qxd5+ Kh7 28. Qe4 Rfd8 29. Rb7 Qd6 30. Rb6 Qd3 31. Nec3 Rac8 32. Qxd3 Rxd3 33. Ne4 Rc2 34. Rb2 Rc4 35. Nac5 Rd5 36. Ne6 Rd7 37. Nf8+ Bxf8 38. Nf6+ Kg7 39. Nxd7 1-0

[Event "Tapolca Evadnyito op"]
[Site "Budapest"]
[Date "2002.01.04"]
[Round "1"]
[White "Harmatosi, Jozsef"]
[Black "Sebestyen, Jozsef"]
[Result "1-0"]
[WhiteElo "2226"]
[BlackElo "2039"]
[PlyCount "51"]
[EventDate "2002.01.04"]
[EventType "swiss"]
[EventRounds "9"]
[EventCountry "HUN"]
[SourceTitle "EXT 2004"]
[Source "ChessBase"]
[SourceDate "2003.11.25"]
[SourceVersion "1"]
[SourceVersionDate "2003.11.25"]
[SourceQuality "1"]

1. d4 g6 2. Nf3 Bg7 3. c3 Nf6 4. Bg5 d6 5. Nbd2 Nbd7 6. e3 c5 7. Bd3 b6 8. 0-0 0-0 9. Qe2 Bb7 10. h3 Qc7 11. Ba6 Bxa6 12. Qxa6 Rae8 13. e4 e5 14. dxe5 dxe5 15. Rad1 Nb8 16. Qe2 Nc6 17. Nc4 Rd8 18. Ne3 h6 19. Nd5 Nxd5 20. Bxd8 Nf4 21. Bxc7 Nxe2+ 22. Kh2 Nf4 23. b4 cxb4 24. cxb4 Rc8 25. Bd6 Nd4 26. Nxd4 1-0